000 01033nam a22002657a 4500
999 _c64650
_d64650
005 20240530110742.0
008 181108s2018 ua a f b 000 0|ara d
017 _a2017/14672
_bمصر. دار الكتب
020 _a9789774386522
040 _aEG-CaGPL
_cEG-CaGPL
082 0 4 _221
_a658.8 /
_bى م
100 0 _aيوسف حجيم سلطان الطائى
245 1 0 _aادارة تسويق الذات بين الجدل الفكرى والتطبيق /
_cيوسف حجيم سلطان الطائى
250 _aط.1
260 _aالاسكندرية :
_bالمكتب الجامعى الحديث ،
_c2018.
300 _a347 ص. :
_bايض ؛
_c24 سم.
504 _aيشتمل على ارجاعات ببليوجرافية
650 0 7 _2qrmak
_aالتسويق
650 0 7 _2qrmak
_aادارة الاعمال
650 0 7 _2qrmak
_aادارة التسويق
653 0 _aالهندسة النفسية
653 0 _aتسويق الذات - ادارة
942 _2ddc
_cBK